ČSN ISO 4125 (568110) A Suché plody a sušené ovoce - Definice a názvosloví = Dry fruits and dried fruits - Definitions and nomenclature
Norma je platná
| Korporativní autor: | Česko. Český normalizační institut |
|---|---|
| Jazyk: | Čeština |
| Vydáno: |
Praha : Český normalizační institut, 1999 |
| Témata: | |
| Externí odkaz: |
on-line verzi normy v elektronickém formátu můžete získat v systému ČSN online ČAS
záznam normy v ČAS |
| Fyzický popis: |
12 s. |
| LEADER | 02003cam a2200421 a 4500 | ||
|---|---|---|---|
| 001 | 000028278 | ||
| 003 | CZ BrMZK | ||
| 007 | ta | ||
| 008 | 180108s1999 xr f |000 0 cze d | ||
| 020 | |c Kč 198.00 | ||
| 040 | |a ABE034 |b cze |d BOA001 | ||
| 084 | |a 01.040.67 |2 ICS | ||
| 084 | |a 67.080.10 |2 ICS | ||
| 245 | 0 | 0 | |a ČSN ISO 4125 (568110) A Suché plody a sušené ovoce - Definice a názvosloví = |b Dry fruits and dried fruits - Definitions and nomenclature |
| 246 | 3 | 0 | |a Suché plody a sušené ovoce - Definice a názvosloví |
| 246 | 3 | 1 | |a Dry fruits and dried fruits - Definitions and nomenclature |
| 260 | |a Praha : |b Český normalizační institut, |c 1999 | ||
| 300 | |a 12 s. | ||
| 540 | |a Normy lze objednat u pultu ve Studovně přírodních a technických věd (6. p.) a studovat se mohou pouze ve studovně. | ||
| 540 | |a Podle zákona č. 22/1997 Sb. smějí být české technické normy rozmnožovány a rozšiřovány jen se souhlasem Úřadu pro technickou normalizaci, metrologii a státní zkušebnictví. | ||
| 500 | |a Datum vydání: 1999-08-01 | ||
| 500 | |a Účinnost od: 1999-09-01 | ||
| 500 | |a Věstník vydání: 1999.08 | ||
| 500 | |a Věstník poslední změny: 1999-06-11 | ||
| 500 | |a Zapracovaný dokument: Označení ISO 4125; Rok vydání: 1991 | ||
| 520 | |a Norma je platná | ||
| 650 | 0 | 7 | |a technické normy a standardy |z Česko |2 czenas |
| 653 | 0 | |a VÝROBKY POTRAVINÁŘSKÉHO PRŮMYSLU | |
| 653 | 0 | |a Suché plody, sušené ovoce, zmrazené ovoce | |
| 653 | 0 | |a Potravinářství (názvosloví) |a Ovoce a výrobky z ovoce | |
| 655 | 7 | |a normy |2 czenas | |
| 710 | 1 | |a Česko. |b Český normalizační institut |7 kn20020916006 | |
| 856 | 4 | |u http://csnonline.agentura-cas.cz/ |y on-line verzi normy v elektronickém formátu můžete získat v systému ČSN online ČAS |4 N | |
| 856 | 4 | |u http://seznamcsn.agentura-cas.cz/Detailnormy.aspx?k=56206 |y záznam normy v ČAS |4 N | |
| 910 | |a BOA001 |b ČSN ISO 4125 | ||
| 997 | |a 1999 |b 2012 | ||
| 996 | |c ČSN ISO 4125 | ||
English
Čeština 